000 00506nam a2200181Ia 4500
005 20250326124754.0
008 250326s9999 xx 000 0 und d
037 _aTextbook
040 _aFMSL
_beng
_cFMSL
041 _aeng
_2eng
084 _aX:89M K81
_qFMSL
100 _aMorris W T
_9737547
245 0 _aDecentralization in management systems
_cMorris W T
260 _aUS
_bUS, Ohio State University
_c1968
300 _a209p
942 _cTB
_hX:89M K81
999 _c1275135
_d1275135